000 01414nam0a2200349 4500
001 RU\NLR\bibl\1239844
005 20250615120853.0
010 _a978-5-86218-470-9
_91000
021 _aRU
_b2008-30310
_91675
035 _a(NLR Aleph) 001226044
090 _a168608
_c168608
100 _a20080610d2008 |||y0rusy50 ca
101 1 _arus
_ceng
102 _aRU
105 _aa |||||||||
200 1 _aГомосексуальное влечение в революционной России
_eрегулирование сексуально-гендерного диссидентства
_fДан Хили
_g[пер. с англ.: Т. Ю. Логачева, В. И. Новиков]
210 _aМосква
_cЛадомир
_d2008 (печ. 2007)
215 _a614, [5] с., [12] л. ил., портр.
_cил.
_d21
225 1 _aРусская потаенная литература
320 _aБиблиогр.: с. 482-602, в прил., в подстроч. прим. и в тексте
320 _aИмен. указ.: с. 603-615
606 1 _aГомосексуализм
_xИстория
_yРоссия
_92525080
_3RU\NLR\auth\661495997
686 _aС550.53
686 _aТ3(2)0-75
700 1 _aХили
_bД.
_gДан
_4070
801 0 _aRU
_bNLR
_c20080610
_gRCR
801 1 _aRU
_bNLR
_c20080610
942 _cBOOK
980 _aNB
980 _aSUPPRESS